000 00439nam a22001817a 4500
003 MPLRDC
005 20220104114138.0
008 210129b ||||| |||| 00| 0 eng d
020 _a7-219-00706-X
082 _a857.2 GCH
100 _a郭崇华
245 _a花木传奇故事
_c
250 _a一版一刷
260 _a
_b广西人民出版社
_c1988
300 _b
650 _a小说--笔记; 异闻
942 _cBK
_o857.2 GCH
999 _c5173
_d5163